000 00551nam a2200205Ia 4500
005 20250326141715.0
008 250326s9999 xx 000 0 und d
020 _a0-13-314956-0
037 _aTextbook
040 _aFMSL
_beng
_cFMSL
041 _aeng
_2eng
084 _aX:8D N0
_qFMSL
100 _aVanhorne J C
_9740081
245 0 _aFicial market rates and flows
_cVanhorne J C
250 _a3
260 _aEnglewood
_bEnglewood, Prentice-Hall
_c1990
300 _axi,340
942 _cTB
_hX:8D N0
999 _c1291586
_d1291586